Normal view
MARC view
- White, Gregory B
Entry Personal Name
001 - CONTROL NUMBER
- control field: 118611
003 - CONTROL NUMBER IDENTIFIER
- control field: NUST
005 - DATE AND TIME OF LATEST TRANSACTION
- control field: 20231106114348.0
008 - FIXED-LENGTH DATA ELEMENTS
- fixed length control field: 231106|| aca||aabn | a|a d
040 ## - CATALOGING SOURCE
- Original cataloging agency: NUST
- Transcribing agency: NUST
100 ## - HEADING--PERSONAL NAME
- Personal name: White, Gregory B
670 ## - SOURCE DATA FOUND
- Source citation: Work cat.: (NUST)179954: Conklin, Wm. Arthur 118609, Principles of computer security :, 2010.
